MARC

LEADER 00000nam0a2200000 4500
001 291031
005 20231102000339.0
020 |a RU  |b 83-87466 
035 |a (RuTPU)RU\TPU\book\315593 
090 |a 291031 
100 |a 20150410d1983 k y0rusy5003 ca 
101 0 |a rus 
102 |a RU 
105 |a a z 001zy 
200 1 |a Аэродинамика проточной части паровых турбин  |f А. В. Гаркуша 
210 |a Москва  |c Машиностроение  |d 1983 
215 |a 184 с.  |c ил.  |d 22 см 
320 |a Библиогр.: с. 182 
606 1 |a Паровые турбины  |2 stltpush  |3 (RuTPU)RU\TPU\subj\74182  |9 86661 
610 1 |a проектирование 
610 1 |a проточные части 
610 1 |a аэродинамика 
610 1 |a меридиональные контуры 
610 1 |a расчеты 
610 1 |a управление 
610 1 |a оптимизация 
610 1 |a газодинамические характеристики 
610 1 |a турбоагрегаты 
675 |a 621.165  |v 3 
700 1 |a Гаркуша  |b А. В.  |g Анатолий Викторович 
801 0 |a RU  |b RuMRKP  |c 19950704  |g psbo 
801 1 |a RU  |b 63413507  |c 20150410 
801 2 |a RU  |b 63413507  |c 20180420  |g RCR 
942 |c BK